Penetračné testovanie WLAN

Salvato in:
Dettagli Bibliografici
Autore principale: Škrak, Peter (Autore)
Altri autori: Hudec, Ladislav (Relatore della tesi)
Natura: Manoscritto Libro
Lingua:slovacco
Pubblicazione: 2019
Soggetti:
Accesso online:http://is.stuba.sk/zp/portal_zp.pl?podrobnosti=140896
Tags: Aggiungi Tag
Nessun Tag, puoi essere il primo ad aggiungerne!!

MARC

LEADER 00000ntm a22000003a 4500
001 stuzp75074
003 SK-STU
005 20190622212922.2
007 ta
008 150427s2015----xo-----f-mn---000-0-slo-d
040 |a STU  |b slo 
041 0 |a slo 
100 1 |a Škrak, Peter  |u 070400  |4 aut  |U FIIT Fakulta informatiky a informačných technológií  |T FIIT Ústav počítačového inžinierstva a aplikovanej informatiky  |X 86036  |U I400  |Y 672  |7 86036 
242 0 1 |a Penetration testing of WLAN  |y eng 
245 1 0 |a Penetračné testovanie WLAN 
260 |c 2019 
650 4 |a Wi-Fi  |2 slo 
650 4 |a testovanie  |2 slo 
650 4 |a bezpečnosť  |2 slo 
650 4 |a Wi-Fi  |2 eng 
650 4 |a testing  |2 eng 
650 4 |a security  |2 eng 
700 1 |a Hudec, Ladislav  |u 070400  |k Z1  |4 ths  |U FIIT Fakulta informatiky a informačných technológií  |T FIIT Ústav počítačového inžinierstva a aplikovanej informatiky  |X 2081  |U I400  |Y 672  |7 2081 
856 4 |u http://is.stuba.sk/zp/portal_zp.pl?podrobnosti=140896 
996 |b IZP20180327  |c I*BAP47/19  |l II680  |s P  |a 0  |w stuzp75074_0001